Integraȯ̂ Regional Sul-Americana

Detalles Bibliográficos
Autor principal: Soares Filho, Još
Formato: eBook
Lenguaje:portugués
Publicado: San Pablo: LTR Editora, 2014
Materias:
Acceso en línea:Acceso restringido

MARC

LEADER 00000nam a22000007a 4500
005 20140714233621.0
007 cr|||| ||||
008 140714s2014 br |||||s|||| 00||0 por d
020 |a 978-85-361-2892-4 
035 |a 12273 
040 |a vLex 
090 |c 5053  |d 5053 
100 1 |a Soares Filho, Još 
245 1 0 |a Integraȯ̂ Regional Sul-Americana  |h [Recurso electrn̤ico] /  |c Jos ̌Soares Filho 
256 |a Servicio en ln̕ea 
260 |a San Pablo:  |b LTR Editora,  |c 2014 
300 |a 1 recurso electrn̤ico 
500 |a Ênfase nas relaė̳s laborais no Mercosul, na perspectiva de negociaȯ̂ coletiva de trabalho em seu ḿbito 
506 1 |a Disponible solo en los productos indicados  |d vLex Global  |d vLex Global (Academic Edition, excluding Law Schools)  |d vLex Global (U.S. Academic Edition, Law Schools)  |d vLex Global (U.S. Academic Edition, excluding Law Schools)  |d vLex Global (Academic Edition, Law Schools) 
650 0 4 |a Derecho Laboral y Seguridad Social  |z Brasil 
740 0 |a vLex Libros (Servicio en ln̕ea) 
856 4 0 |u http://vlex.com/source/integra-o-regional-sul-americana-12273  |z Acceso restringido 
942 |c BOOK 
999 0 |a Labor Law and Social Security